000 00878cam a22002054a 4500
005 20250605164217.0
008 250528s ||||||||||||||||||||||||d
035 _a20525
020 _a297770489
040 _aGR-AtMCL
_bgre
_dGR-AtMCL
_eAACR2
245 1 _aRevolution and Improvement / The Western World 1775-1847
260 _bWeidenfeld And Nicolson,
_c1976
300 _a292
505 0 _aIllustrations and Maps, Foreword, Beginnings and Boundaries, Ancient Regime: Ideals and Realities, Revolutions and Restorations, The New Worlds of the Nineteenth Century, Maps, Index.
520 _aIllustrations and Maps, Foreword, Beginnings and Boundaries, Ancient Regime: Ideals and Realities, Revolutions and Restorations, The New Worlds of the Nineteenth Century, Maps, Index.
700 1 _aRoberts John
_96512
942 _cBK
999 _c5624
_d5624